000 00928nam a2200265 4500
005 20090723162218.0
008 700212s1969 ce b 000 0 eng
010 _aENG-94533
020 _a8170249430
_c600.00
035 _aEN-78066
037 _bDBAD / PUB
040 _adpl
_bEnglish
082 _a342.54085
100 _aSen, Sankar
245 _aHuman rights in a developing society /
_cby Sankar Sen
260 _aNew Delhi
_bAPH Publishing Corporation
_c2009
270 _a4435-36/7, Ansari Road, Daryaganj
_bNew Delhi
_e110002
300 _aviii, 293p.
_c22cm(Hb)
350 _a10.00
500 _aIncludes index
650 _aCivil rights
650 _aHuman rights
942 _2ddc
_cEN
_h342.54085
_mSEN
999 _c28603
_d28603